000 00515nam a2200193Ia 4500
003 OSt
005 20231021121622.0
008 210210b1994 xxu||||| |||| 00| 0 eng d
040 _cAL
041 _aTulu
082 _aT894.3 MUDO
100 _aMUDDU MUDUBELLE.
_9139141
245 _aOsayo: tulu kateklu.
_bಒಸಾಯೊ : ತುಳು ಕತೆಗಳು
260 _aBelle
_bSahitya Samskrati Prakashana
_c1994
300 _aviii,82
690 _aTulu Fiction
_9139142
906 _a049504
942 _2ddc
_cBK
999 _c98249
_d98249